Gaming Quiz

Random Gaming or Video Games Quiz

Original NES Games (North America) Quiz Stats

 Plays Quiz Updated Mar 3, 2020

Support Sporcle.
Go Orange.
Score 0/19 Timer 05:00
0 Plays Today
Genre Game % Correct
PlatformSuper Mario Bros
88.3%
ShootingDuck Hunt
81.1%
SportsBaseball
42.1%
RacingExcitebike
38.7%
SportsGolf
32%
SportsTennis
27.9%
ShootingHogans Alley
21.2%
PuzzleGyromite
20.2%
PlatformIce Climber
18.2%
Sports10-Yard Fight
16.2%
Genre Game % Correct
ArcadePinball
12.8%
PuzzleStack-Up
12.1%
PlatformBalloon Fight
11.6%
PuzzleClu Clu Land
11.2%
EducationalDonkey Kong Jr Math
10.9%
ShootingWild Gunman
10.7%
PuzzleWrecking Crew
9.9%
RacingMach Rider
7.1%
FightingKung Fu Master
6.8%

You're not logged in!

Compare scores with friends on all Sporcle quizzes.
OR
Log In

From the Vault

Movies by 'Etch A Sketch'

by gloucester

We think this quiz might be a bit sketchy.
Remove Ads.
Support Sporcle.
Get the best of Sporcle when you Go Orange. This ad-free experience offers more features, more stats, and more fun while also helping to support Sporcle. Thank you for becoming a member.

Show Comments

Extras

Top Quizzes Today


Score Distribution

Your Account Isn't Verified!

In order to create a playlist on Sporcle, you need to verify the email address you used during registration. Go to your Sporcle Settings to finish the process.

Report this User

Report this user for behavior that violates our Community Guidelines.

Details: